000 00401pab a2200169 454500
008 180718b2011 xxu||||| |||| 00| 0 eng d
100 _aBrown, Andrew D.
245 _aIdentities, discipline and routines
260 _c2011
300 _ap.871-895.
362 _aJul
650 _aOrganizations
700 _aLewis, Michael A.
773 _aOrganization Studies
908 _aN
909 _a92554
999 _c92554
_d92554